The CARL system at the University of Hawaii UHM library (Record no. 63703)
[ view plain ]
| 000 -CABECERA | |
|---|---|
| campo de control de longitud fija | 00611nam a2200217 a 4500 |
| 005 - FECHA Y HORA DE LA ÚLTIMA TRANSACCIÓN | |
| campo de control | 20210219152917.0 |
| 008 - ELEMENTOS DE LONGITUD FIJA--INFORMACIÓN GENERAL | |
| campo de control de longitud fija | 991125n 000 0 eng u |
| 035 ## - NÚMERO DE CONTROL DEL SISTEMA | |
| Número de control de sistema | UPN01000066861 |
| 100 1# - ASIENTO PRINCIPAL--NOMBRE PERSONAL | |
| Nombre de persona | Naj, Lindy |
| 222 ## - TÍTULO CLAVE | |
| Título clave | LIBRARY SOFTWARE REVIEW |
| 245 ## - MENCIÓN DE TÍTULO | |
| Título | The CARL system at the University of Hawaii UHM library |
| 300 ## - DESCRIPCIÓN FÍSICA | |
| Extensión | 5-11 |
| 362 0# - FECHAS DE PUBLICACIÓN Y/O DESIGNACIÓN SECUENCIAL | |
| Fecha de publicación y/o designación secuencial | 1993 Vol. 12, no. 1 |
| 653 0# - TERMINO DE INDIZACION - NO CONTROLADO | |
| Término no controlado | APLICACION DE SISTEMAS COMPUTACIONALES |
| 653 0# - TERMINO DE INDIZACION - NO CONTROLADO | |
| Término no controlado | CATALOGACION |
| 653 0# - TERMINO DE INDIZACION - NO CONTROLADO | |
| Término no controlado | CATALOGOS EN LINEA |
| 653 0# - TERMINO DE INDIZACION - NO CONTROLADO | |
| Término no controlado | FOTOGRAFIAS |
| 653 0# - TERMINO DE INDIZACION - NO CONTROLADO | |
| Término no controlado | PROCESOS TECNICOS (BIBLIOTECAS) |
| 904 ## - ELEMENTOS DE DATOS D LOCAL, LDD (RLIN) | |
| a | AC |
| b | 004672 |
| 905 ## - TIPO DE MATERIAL | |
| Tipo de material | Articulo |
No items available.
